LIBRARY & INFORMATION CENTRE, KCAET, TAVANUR

ONLINE PUBLIC ACCESS CATALOGUE (OPAC)

Analysis of Meenachil watershed using foss GIS tools (Record no. 15145)

MARC details
000 -LEADER
fixed length control field 00657nam a22001937a 4500
003 - CONTROL NUMBER IDENTIFIER
control field OSt
088 ## - REPORT NUMBER
Report number P 244
100 ## - MAIN ENTRY--AUTHOR NAME
Personal name RAHUL B. T
245 ## - TITLE STATEMENT
Title Analysis of Meenachil watershed using foss GIS tools
260 ## - PUBLICATION, DISTRIBUTION, ETC. (IMPRINT)
Place of publication Tavanur 2012
Name of publisher Department of Land and Water Resource Conservation engineering
300 ## - PHYSICAL DESCRIPTION
Number of Pages 63
500 ## - GENERAL NOTE
General note Analysis of Meenachil watershed using foss GIS tools
520 ## - SUMMARY, ETC.
Summary, etc Analysis of Meenachil watershed using foss GIS tools
700 ## - ADDED ENTRY--PERSONAL NAME
Personal name Sumit Kumar Jha
700 ## - ADDED ENTRY--PERSONAL NAME
Personal name Er. Vishnu B (Guide)
856 ## - ELECTRONIC LOCATION AND ACCESS
Uniform Resource Identifier https://drive.google.com/open?id=1Y_bUNnUsG83GX3-Ew5ULhpQQp8Z0D36s
942 ## - ADDED ENTRY ELEMENTS (KOHA)
Koha item type Project Report
Holdings
Collection code Home library Current library Shelving location Full call number Accession Number Koha item type
Reference KAUAET KAUAET Reference 631.7 RAH/AN P 244 Project Report
free website counter